Niccolò Barabino / (Record no. 54355)

MARC details
000 -LEADER
campo de control de longitud fija 00546nam a22001815i 4500
001 - NÚMERO DE CONTROL
campo de control 54355
003 - IDENTIFICADOR DE NÚMERO DE CONTROL
campo de control ES-MaACL
005 - FECHA Y HORA DE LA ÚLTIMA TRANSACCIÓN
campo de control 20230906162936.0
007 - CAMPO FIJO DE DESCRIPCIÓN FÍSICA--INFORMACIÓN GENERAL
campo de control de longitud fija t|
008 - DATOS DE LONGITUD FIJA--INFORMACIÓN GENERAL
campo de control de longitud fija 960719s1892 it ||||1| ita d
040 ## - FUENTE DE CATALOGACIÓN
Centro catalogador/agencia de origen CAM
Lengua de catalogación spa
Centro/agencia transcriptor CAM
100 1# - ENTRADA PRINCIPAL--NOMBRE DE PERSONA
Nombre de persona Fonseca, Edoardo de.
9 (RLIN) 51519
245 10 - MENCIÓN DEL TÍTULO
Título Niccolò Barabino /
Mención de responsabilidad, etc. Edoardo de Fonseca.
260 ## - PUBLICACIÓN, DISTRIBUCIÓN, ETC.
Lugar de publicación, distribución, etc. Firenze :
Nombre del editor, distribuidor, etc. [s.n.],
Fecha de publicación, distribución, etc. 1892 (
Fabricante Stabilimento tipografico G. Civelli)
300 ## - DESCRIPCIÓN FÍSICA
Extensión 129 p. :
Otras características físicas 1 h. de lám. retr. ;
Dimensiones 26 cm.
600 14 - PUNTO DE ACCESO ADICIONAL DE MATERIA--NOMBRE DE PERSONA
Nombre de persona Barabino, Niccolò.
9 (RLIN) 154456
852 ## - LOCALIZACIÓN
Ubicación ES-MaACL
Número de control de estantería T-697-F-7
Holdings
Estatus retirado Estado de pérdida Estado de daño No para préstamo Colección Biblioteca de origen Biblioteca actual Ubicación en estantería Fecha de adquisición Fuente de adquisición Total de préstamos Signatura topográfica completa Código de barras Visto por última vez Precio de reemplazo Tipo de ítem Koha
        Colección de folletos Biblioteca del Ateneo de Madrid Biblioteca del Ateneo de Madrid Depósito folletos 17/01/2008     T-697-F-7 1057118 23/02/2023 23/02/2023 Folleto